Biblioteca

Our interconnection in Christ (Registro nro. 68929)

Detalles MARC
000 -LÍDER
Campo fijo de descripción fija 01226nab a2200241 i 4500
001 - NÚMERO DE CONTROL
Campo de control 768714001
003 - IDENTIFICADOR DEL NÚMERO DE CONTROL
Campo de control CO-MdFUSB
005 - FECHA Y HORA DE LA ULTIMA TRANSACCIÓN
control field 20230607124326.0
008 - ELEMENTOS DE LONGITUD FIJA -- INFORMACIÓN GENERAL
Campo fijo de descripción fija -- Información general 230606s2014 us ||||| |||| 00| 0 eng d
022 ## - NÚMERO INTERNACIONAL NORMALIZADO PARA PUBLICACIONES SERIADAS
Número Internacional Normalizado para Publicaciones Seriadas 16698649
040 ## - FUENTE DE CATALOGACIÓN
Idioma de catalogación spa
Agencia Catalogadora CO-MdFUSB
Agencia que realiza la transcripción CO-MdFUSB
Agencia que realiza la modificación CO-MdFUSB
041 ## - CÓDIGO DE IDIOMA
Código de idioma para texto/pista de sonido o título separado eng
100 ## - ASIENTO PRINCIPAL--NOMBRE PERSONAL
Nombre personal Jennings-Grisham, Andrew
Término relacionador autor
245 1# - TÍTULO
Título Our interconnection in Christ
Subtitulo : why the church needs the voice of its indigenous members
Mención de responsabilidad / Andrew Jennings-Grisham
300 ## - DESCRIPCIÓN FÍSICA
Extensión Volumen 9, número 2 (2014), páginas 139 - 158
Dimensiones ; 20 cm.
520 ## - NOTA DE RESUMEN, ETC.
Nota de sumario, etc. En esta reflexión, se exploran las implicaciones de nuestra interconexión en el cuerpo de Cristo, con un enfoque especial en nuestra relación con nuestros hermanos y hermanas indígenas en América Latina. Combinar un enfoque antropológico con la reflexión bíblica sobre el cuerpo de Cristo y el reino de Dios.
546 ## - NOTA DE IDIOMA
Nota de idioma Texto en Inglés
650 #7 - ASIENTO SECUNDARIO DE MATERIA - TERMINO TEMÁTICO
9 (RLIN) 6937
Término temático o nombre geográfico como elemento de entrada Teología dogmática
653 ## - TÉRMINO DE INDIZACIÓN - NO CONTROLADO
Término no controlado Antropología teológica
653 ## - TÉRMINO DE INDIZACIÓN - NO CONTROLADO
Término no controlado Pueblos indígenas
773 0# - ASIENTO DE ITEM FUENTE
Biblionumber 49416
Itemnumber 81283
Lugar, editorial y fecha de publicación Santiago de Chile
Otro identificador del ítem R1731
Título Journal of Latin American Theology :
Número de control del registro (CO-MdFUSB)118
Número Internacional Normalizado para Publicaciones Seriadas (ISSN) 1669-8949
Parte(s) relacionada(s) / Volumen., número. (mes año), páginas Volumen 9, número 2 (2014), páginas 139 - 158
Enumeración y primera página página 139
942 ## - TIPO DE MATERIAL (KOHA)
Tipo de Item KOHA Artículos de Revista

No hay ítems disponibles.

Biblioteca FUSBC | Teléfono: (57+4) 349 88 10 Ext. 141| WhatsApp (+57) 3005338115 
E-mail: biblioteca@unisbc.edu.co | Calle 76 87-14 Robledo Palenque, Medellín, Colombia

Con tecnología Koha